000 00217nam a22000857a 4500
008 170131b xxu||||| |||| 00| 0 eng d
100 _92684
_aKumar.R.
245 _aEnvironmental Studies-5
260 _aNew Delhi
_bRachna
_c2010
999 _c5842
_d5842